Entry Konu Terimi
001 - KONTROL NUMARASI
- Kontrol alanı: 112930
003 - KONTROL NUMARASI KİMLİĞİ
- Kontrol alanı: TR-BiSEU
005 - SON İŞLEM TARİHİ VE ZAMANI
- Kontrol alanı: 20260207004320.0
008 - SABİT UZUNLUKTAKİ VERİ ÖGELERİ - GENEL BİLGİ
- Sabit uzunlukta kontrol alanı: 260207|| aca||aabn | a|a d
040 ## - KATALOGLAMA KAYNAĞI
- Özgün kataloglama kurumu: TR-BiSEU
- Çeviri kurumu: TR-BiSEU
150 ## - KONU BAŞLIKLARI - KONU TERİMİ
- Konu terimi: Europa--Restos arqueológicos--Congresos
670 ## - BİLGİNİN KAYNAĞI
- Bilginin alındığı kaynak: KOHA: (TR-BiSEU)60800: Le Néolothique au Proche Orient et en Europe = The Neolithic in the Near East and Europe, Section 9 ; L'âge du cuivre au Proche Orient et en Europe = The Cooper Age in the Near East and Europe, Section 10 : acts of the XIVth UISPP Congress (XIV : 2001 : Belgium) 112927, Le Néolothique au Proche Orient et en Europe =
